000 01505cam a22003977a 4500
003 CHAP
005 20220329142947.0
008 050425d2000 es r 00110 spa d
010 _a90160
011 _a91132
020 _a8471149133
035 _a101690
040 _cCHAP
082 0 4 _a664.022
_bH4
100 0 0 _aHermida Bun, José Ramón.
_953750
245 1 0 _aFundamentos de ingeniería de procesos agroalimnetarios
_c/por José Ramón Hermida Bun
260 _aMadrid :
_bMundi-Prensa,
_c2000.
300 _a463 p. : ilus.
490 0 _aColección Tecnología de alimentos
590 _aBATCH-UPD
_b10
_c20130110
_lUCH01
_h0518
590 _aBATCH-UPD
_b10
_c20130410
_lUCH01
_h0157
590 _aBATCH-UPD
_b10
_c20130914
_lUCH01
_h0207
590 _aCONVERSION
_b10
_c20130109
_lUCH01
_h1350
650 1 4 _aAlimentos
_xIndustria.
_94227
650 1 4 _aAlimentos
_xProcesado.
_94267
650 1 4 _aAlimentos
_xTecnología.
_94284
650 1 4 _aIndustrias agrícolas.
_957925
830 0 0 _aColección Tecnología de alimentos
_924993
901 _aBK
905 _aLilia
942 _cLIBRO
949 _a664.022 H4
_bBC
_cLIBRO
_d33724000945887
_eLIBRO
_h105517
_i101690
_mI.224771
_si
_t$880.00
949 _a664.022 H4
_bBC
_cLIBRO
_d33724000960910
_eLIBRO
_fc.4
_gI.22421
_h106780
_i101690
_si
_t$880.00
949 _a664.022 H4
_bBC
_cLIBRO
_d33724000960977
_eLIBRO
_fc.3
_gI.224220
_h106779
_i101690
_si
_t$880.00
949 _a664.022 H4
_bBC
_cLIBRO
_d33724000961033
_eLIBRO
_fc.2
_gI.224219
_h106778
_i101690
_si
_t$880.00
999 _c90160
_d90160